Plankton and fisheries
Αποθηκεύτηκε σε:
| Κύριος συγγραφέας: | |
|---|---|
| Μορφή: | Βιβλίο |
| Γλώσσα: | English |
| Δημοσίευση: |
London :
Edward Arnold,
1987
|
| Θέματα: | |
| Ετικέτες: |
Προσθήκη ετικέτας
Δεν υπάρχουν, Καταχωρήστε ετικέτα πρώτοι!
|
MARC
| LEADER | 00000nam a2200000 i 4500 | ||
|---|---|---|---|
| 001 | 1/65919 | ||
| 008 | 931015s1987 eng d | ||
| 020 | |a 0-7131-2941-7 | ||
| 035 | |l 10001638 | ||
| 040 | |a GR-MY-UA |b gre |e aacr | ||
| 041 | 0 | |a eng | |
| 082 | 0 | |a 578.776 | |
| 100 | 1 | |a Grahame, John |c Ph. D. | |
| 245 | 1 | 0 | |a Plankton and fisheries / |c John Grahame |
| 260 | |a London : |b Edward Arnold, |c 1987 | ||
| 300 | |a 140 p.; |b ill., maps; |c 24 cm | ||
| 650 | 0 | 0 | |a Marine plankton. |
| 852 | |a INST |b LESVOS |e 19931015 |h 578.776 GRA |p 005100005634 |q 005100005634 |t BK |y 0 | ||
| 909 | |a Λ |b 012297 | ||